| 000 | 00552nam a2200217 a 4500 | ||
|---|---|---|---|
| 999 |
_c4800 _d4800 |
||
| 001 | 4800 | ||
| 003 | BD-JhCC | ||
| 005 | 20171209113939.0 | ||
| 008 | 171203s1885 e |||| ||a| 000 0 eng d | ||
| 035 | _a(BD-JhCC) 4800 | ||
| 040 |
_aBD-JhCC _dBD-JhCC |
||
| 041 | _aeng | ||
| 082 |
_a355.02 _bOMA 1985 |
||
| 100 | _aOman, C.W.C | ||
| 245 |
_aThe art of war in the Middle Ages / _c C.W.C Oman |
||
| 260 |
_aNewwork : _bCornell University Press , _c1953 |
||
| 300 |
_a176 p .: _c18 cm . |
||
| 650 | _aMilitary art | ||
| 942 |
_2ddc _cBK |
||